<?xml version="1.0" encoding="UTF-8"?>
<record
    xmlns:xsi="http://www.w3.org/2001/XMLSchema-instance"
    xsi:schemaLocation="http://www.loc.gov/MARC21/slim http://www.loc.gov/standards/marcxml/schema/MARC21slim.xsd"
    xmlns="http://www.loc.gov/MARC21/slim">

  <leader>01015nam a2200217 i 4500</leader>
  <controlfield tag="001">189615</controlfield>
  <controlfield tag="003">SpMaBN</controlfield>
  <controlfield tag="005">20250815110945.0</controlfield>
  <controlfield tag="008">190703s1869    fr bf        |||| | fre d</controlfield>
  <datafield tag="100" ind1="1" ind2=" ">
    <subfield code="a">&#xC9;lie de Beaumont, L&#xE9;once, </subfield>
    <subfield code="d">1798-1874</subfield>
    <subfield code="9">46988</subfield>
  </datafield>
  <datafield tag="245" ind1="1" ind2="0">
    <subfield code="a">Rapport sur les progr&#xE9;s de la stratigraphie / </subfield>
    <subfield code="c">par M. L. &#xC9;lie de Beaumont.</subfield>
  </datafield>
  <datafield tag="260" ind1=" " ind2=" ">
    <subfield code="a">Paris : </subfield>
    <subfield code="b">Lib. de L. Hachette et Cie., </subfield>
    <subfield code="c">1869.</subfield>
  </datafield>
  <datafield tag="300" ind1=" " ind2=" ">
    <subfield code="a">572 p., [2] mapas pleg. ; </subfield>
    <subfield code="c">27 cm.</subfield>
  </datafield>
  <datafield tag="490" ind1="1" ind2=" ">
    <subfield code="a">Recueil de rapports sur l'&#xE9;tat des lettres et les progr&#xE9;s des sciences en France</subfield>
  </datafield>
  <datafield tag="500" ind1=" " ind2=" ">
    <subfield code="a">&#xCD;ndice.</subfield>
  </datafield>
  <datafield tag="650" ind1=" " ind2="4">
    <subfield code="a">Estratigraf&#xED;a-</subfield>
    <subfield code="z">Francia.</subfield>
    <subfield code="9">167450</subfield>
  </datafield>
  <datafield tag="650" ind1=" " ind2="7">
    <subfield code="a">Geolog&#xED;a-</subfield>
    <subfield code="z">Francia</subfield>
    <subfield code="2"></subfield>
    <subfield code="9">157288</subfield>
  </datafield>
  <datafield tag="830" ind1="0" ind2=" ">
    <subfield code="a">Recueil de rapports sur l'&#xE9;tat des lettres et les progr&#xE9;s des sciences en France</subfield>
    <subfield code="9">225840</subfield>
  </datafield>
  <datafield tag="852" ind1=" " ind2=" ">
    <subfield code="a">ES-MaACL</subfield>
    <subfield code="j">L-32451(1) </subfield>
    <subfield code="z">- Enc. cart. </subfield>
    <subfield code="z">. - Legado Federico de Botella y de Hornos </subfield>
    <subfield code="z">- Enc. en un vol. facticio, con  t&#xED;t. en el lomo de: Rapport sur les progr&#xE9;s de la stratigraphie</subfield>
  </datafield>
  <datafield tag="999" ind1=" " ind2=" ">
    <subfield code="c">189615</subfield>
    <subfield code="d">189615</subfield>
  </datafield>
  <datafield tag="952" ind1=" " ind2=" ">
    <subfield code="0">0</subfield>
    <subfield code="1">0</subfield>
    <subfield code="4">0</subfield>
    <subfield code="7">0</subfield>
    <subfield code="8">LIBXIX</subfield>
    <subfield code="a">ATENEOM</subfield>
    <subfield code="b">ATENEOM</subfield>
    <subfield code="c">DEPO2</subfield>
    <subfield code="d">2019-07-03</subfield>
    <subfield code="e">DON</subfield>
    <subfield code="l">0</subfield>
    <subfield code="o">L-32451(1)</subfield>
    <subfield code="p">1200970</subfield>
    <subfield code="r">2023-02-23 00:00:00</subfield>
    <subfield code="w">2023-02-23</subfield>
    <subfield code="y">MONANT</subfield>
  </datafield>
</record>
